• 首页
  • 本馆介绍
  • 公告通知
  • 最新文献
  • 馆藏检索
  • 电子资源
  • 读者导购
  • 参考咨询
  • 我的图书馆
  • 登录
  • 详细信息显示
  • 放入我的书架
  • 预约/预借图书
  • 作者相关作品
  • 分类相关作品
  • 丛书相关作品
  • 出版社相关作品

书目信息

  • 表格格式
  • 工作单格式
  • 卡片格式
题名:
考前冲刺
    
 
作者: 亚历山大 著 ;钱峰 著
分册:  
出版信息: 北京   东方出版社  2011
页数: 250页
开本: 23cm
丛书名:
单 册:
中图分类: G424.74
科图分类:
主题词: 考试--kao shi--学习心理学
电子资源:
ISBN: 978-7-5060-4329-8
000 01035nam0 2200277 450
001 012001003534
005 20131013143015.0
010    @a978-7-5060-4329-8@dCNY38.00
099    @aCAL 012012193854
100    @a20120330d2011 em y0chiy50 ea
101 1  @achi@ceng
102    @aCN@b110000
105    @ay z 000yy
106    @ar
200 1  @a考前冲刺@Akao qian chong ci@e知识向左, 心理向右@f(加) 格兰·亚历山大著@d= Exam mastery@ea total approach@fGlenn Alexander@g钱峰著@zeng
210    @a北京@c东方出版社@d2011
215    @a250页@c图@d23cm
330    @a本书主要讲述了如何从心理学角度对自己进行催眠,缓解考试给自己带来的压力。
500 10 @aExam mastery : a total approach@AExam Mastery : A Total Approach@mchinese
517 1  @a知识向左, 心理向右@AZhi Shi Xiang Zuo , Xin Li Xiang You
606 0  @a考试@Akao shi@x学习心理学
690    @aG424.74@v5
701  1 @a亚历山大@Aya li shan da@g(Alexander, Glenn)@4著
702  0 @a钱峰@Aqian feng@4著
801  2 @aCN@b江苏凤凰@c20191020
905    @b1233204-9@dG424.74@e417@f6
    
    考前冲刺:知识向左, 心理向右/(加) 格兰·亚历山大著= Exam mastery:a total approach/Glenn Alexander/钱峰著.-北京:东方出版社,2011
    250页:图;23cm
    
    
    ISBN 978-7-5060-4329-8:CNY38.00
    本书主要讲述了如何从心理学角度对自己进行催眠,缓解考试给自己带来的压力。
●
相关链接 在E读中查询图书 在五车中查询图书 在当当中查询图书 在豆瓣中查询图书


正题名:考前冲刺     索取号:G424.74/417         预约/预借

序号 登录号 条形码 馆藏地/架位号 状态 备注
1 1233204   212332046   第一样本阅览室/ [索取号:G424.74/417] 在馆    
2 1233205   212332055   教育系资料室/ [索取号:G424.74/417] 在馆    
3 1233206   212332064   教育系资料室/ [索取号:G424.74/417] 在馆    
4 1233207   212332073   教育系资料室/ [索取号:G424.74/417] 在馆    
5 1233208   212332082   第四借阅区/ [索取号:G424.74/417] 在馆    
6 1233209   212332091   第四借阅区/ [索取号:G424.74/417] 在馆    
唐山师范学院图书馆 欢迎您!
大连网信软件有限公司© 版权所有